000 00359cam a22001211 4500
082 _a956.95
_bLIA
_cL-28, P-33
100 1 _aLias, Godfrey.
_946570
245 1 0 _aGlubb's Legion.
_cForeword by Sir John Bagot Glubb.
260 _aLondon,
_bEvans Bros.
_c[1956]
300 _a230 p.
_billus.
_c23 cm.
526 _a0
_b0
_c0
_d956_950000000000000_LIA
942 _2ddc
_cBK
999 _c549878
_d549878